Score 0/40 Timer 06:00
1 Play Today
Hint 4-Letter Word % Correct
Very impoliteRUDE
94%
Horse or lion featureMANE
91.7%
PhobiaFEAR
91%
Toured on a bicycleRODE
90.7%
Towel beside 'His'HERS
90.4%
To bare your buttocks as a prankMOON
90.3%
Julianna Margulies - 'The ____ Wife'GOOD
89.5%
Sax or trumpetHORN
88.7%
____ d'oeuvreHORS
88.7%
DaybreakMORN
88.3%
Butcher's waresMEAT
87.5%
The average value in a data setMEAN
87.4%
Temper or spiritMOOD
87.3%
Has been cut, as in grassMOWN
87.1%
Perceive aurallyHEAR
86.7%
Noteworthy achievementFEAT
86.4%
Up or down part of a cityTOWN
85.4%
German auto makerAUDI
85.1%
Mister, in MünchenHERR
84.7%
Wail mournfullyMOAN
84.3%
Hint 4-Letter Word % Correct
Value that appears most often in a data setMODE
82.2%
What Joe Pesci wanted to be in 'Goodfellas'MADE
81.1%
Two Bond movies begin with these four lettersGOLD
81%
Ship's cargo spaceHOLD
80.4%
Former A's outfielder Joe or German soccer's VöllerRUDI
80.1%
Pulls a vessel into harborTOWS
78.8%
The Beatles '___ _ Love Her' (2 wds)AND I
77.9%
Courtney Love's bandHOLE
76%
Anticipation of good fortuneHOPE
74.1%
Capp or Panda of comicsANDY
73.3%
Deal with a difficultyCOPE
72.1%
'You load sixteen ____ and what do you get'TONS
70.3%
Small whirlpoolEDDY
64.4%
Hatteras or BretonCAPE
62.5%
Amount of muscle resistanceTONE
62.4%
Simpsons' KrabappelEDNA
60.8%
Actor Mark of 'The Full Monty' and 'Still Standing'ADDY
59.6%
Source of harm or ruinBANE
57.5%
Icelandic SagaEDDA
50.1%
Jeff Smith comic with Fone, Phoney and SmileyBONE
49.5%

Today's Daily Dose

Remove Ads.
Support Sporcle.
Get the best of Sporcle when you Go Orange. This ad-free experience offers more features, more stats, and more fun while also helping to support Sporcle. Thank you for becoming a member.

You're not logged in!

Compare scores with friends on all Sporcle quizzes.
OR
Log In

Show Comments

Extras

Top Quizzes Today


Score Distribution

Your Account Isn't Verified!

In order to create a playlist on Sporcle, you need to verify the email address you used during registration. Go to your Sporcle Settings to finish the process.

Report this User

Report this user for behavior that violates our Community Guidelines.

Details: